000 00805nam a2200241 4500
003 LK-CoMWRAF
005 20231129010258.0
008 231129b2007 |||||||| |||| 00| 0 eng d
020 _a9789555801164
040 _aLK-CoMWRAF
_dLK-CoMWRAF
_eLK-CoMWRAF
041 _aeng
082 _a305.48
_bSHA
100 _aShaheed, Farida
245 _a Interrogating the norms :
_bwomen challenging violence in an adversarial state
260 _aColombo:
_bInternational Centre for Ethnic Studies,
_c2007
300 _a148 p. ; 23 cm
_bBibliography included
650 _a Muslim women, Crimes against- Pakistan
650 _a Muslim women- Pakistan -Social conditions
650 _aWomen(Islamic Law)
700 _aHussain, Neelam
856 _uhttps://noolaham.net/project/61/6027/6027.pdf
942 _cBK
999 _c4252
_d4252